Normal view MARC view

Entry Personal Name

Number of records used in: 1

001 - CONTROL NUMBER

  • control field: 1238278

003 - CONTROL NUMBER IDENTIFIER

  • control field: OSt

005 - DATE AND TIME OF LATEST TRANSACTION

  • control field: 20260430150720.0

008 - FIXED-LENGTH DATA ELEMENTS

  • fixed length control field: 260430|| aca||aabn | a|a d

040 ## - CATALOGING SOURCE

  • Original cataloging agency: OSt
  • Transcribing agency: OSt

100 ## - HEADING--PERSONAL NAME

  • Personal name: Bansal Renu Au.; Maiti Dibyendu Gu.; Sinha Uday Bhanu Gu

670 ## - SOURCE DATA FOUND

  • Source citation: Work cat.: (OSt)1850450: Bansal Renu Au.; Maiti Dibyendu Gu.; Sinha Uday Bhanu Gu., Capital Inflows, Exports, and Formal Employment: Some Theoretical and Empirical Issues, 2024
Copyright @ Delhi University Library System